Meilleur stat vitesse 1g - Statistiques

Statistiques générales
  • Ce quiz a été pris 17 fois
  • Le résultat moyen est 25 sur 35
Statistiques - réponses
Hint Réponse % Correct
100 mew
100%
130 mewtwo
100%
120 alakazam
89%
110 ectoplasma
89%
105 kadabra
89%
130 ptera
89%
110 raichu
89%
130 voltali
89%
100 dracaufeu
78%
150 electrode
78%
150 mega alakazam
78%
115 persian
78%
100 rapasdepic
78%
101 roucarnage
78%
115 staross
78%
110 dodrio
67%
100 electhor
67%
105 insecateur
67%
100 mega dracaufeu x
67%
100 mega dracaufeu y
67%
130 mega ectoplasma
67%
130 mega mewtwo x
67%
140 mega mewtwo y
67%
121 mega roucarnage
67%
110 tauros
67%
100 voltorbe
67%
105 elektek
56%
105 galopa
56%
145 mega dardargnan
56%
100 mega kangourex
56%
150 mega ptera
56%
120 triopikeur
56%
105 mega scarabrute
44%
100 tentacruel
44%
100 feunard
33%
Aucun quiz correspondant
Distribution des résultats
% des personnes avec chaque résultat
Percentile par nombre de réponses
Votre historique - résultats
Vous n’avez pas pris ce quiz